[Event "Polanica Zdroj op-B 49th"]
[Site "Polanica Zdroj"]
[Date "2013.08.??"]
[Round "2"]
[White "Guzewicz, Rafal"]
[Black "Obrusnik, Michal"]
[Result "1-0"]
[WhiteElo "1986"]
[BlackElo "2230"]
[PlyCount "125"]
[EventDate "2013.08.17"]
[EventType "swiss"]
[EventRounds "9"]
[EventCountry "POL"]
[SourceTitle "CBM 156 Extra"]
[Source "ChessBase"]
[SourceDate "2013.10.22"]
[SourceVersion "1"]
[SourceVersionDate "2013.10.22"]
[SourceQuality "1"]

1. d4 Nf6 2. Bf4 g6 3. e3 Bg7 4. Nf3 0-0 5. Be2 d6 6. h3 c5 7. c3 b6 8. Nbd2 Bb7 9. 0-0 Nbd7 10. Qb3 Qc7 11. Rfe1 e5 12. dxe5 dxe5 13. Bh2 a6 14. a4 Bc6 15. Red1 h6 16. Nh4 Bd5 17. Bc4 Bxc4 18. Nxc4 Kh7 19. Nd6 Qc6 20. Rd2 b5 21. Qc2 Nd5 22. e4 Qxd6 23. Rxd5 Qe7 24. a5 Qxh4 25. Rxd7 Rad8 26. Rad1 Rxd7 27. Rxd7 Rd8 28. Bg3 Qf6 29. Bxe5 Qg5 30. Bf4 Qf6 31. e5 Qxf4 32. Rxd8 Bxe5 33. g3 Qf6 34. Qd3 b4 35. cxb4 Bd4 36. Rxd4 cxd4 37. b5 axb5 38. Qxb5 Qf3 39. a6 d3 40. Qb7 Qf5 41. g4 Qf4 42. Qd5 d2 43. a7 Qa4 44. Qxf7+ Kh8 45. Qf8+ Kh7 46. Qe7+ Kh8 47. Qe5+ Kh7 48. Qc7+ Kg8 49. Qd8+ Kg7 50. Qxd2 Qxa7 51. Qc3+ Kh7 52. b4 Qd7 53. Qc5 h5 54. gxh5 Qxh3 55. hxg6+ Kxg6 56. Qd6+ Kf7 57. b5 Qg4+ 58. Qg3 Qb4 59. Qc7+ Ke6 60. Qc6+ Ke5 61. Qg6 Kf4 62. b6 Kf3 63. Qh5+ 1-0

[Event "Polanica Zdroj op-B 49th"]
[Site "Polanica Zdroj"]
[Date "2013.08.??"]
[Round "8"]
[White "Kowalczyk, Pawel"]
[Black "Obrusnik, Michal"]
[Result "1-0"]
[WhiteElo "2166"]
[BlackElo "2230"]
[PlyCount "113"]
[EventDate "2013.08.17"]
[EventType "swiss"]
[EventRounds "9"]
[EventCountry "POL"]
[SourceTitle "CBM 156 Extra"]
[Source "ChessBase"]
[SourceDate "2013.10.22"]
[SourceVersion "1"]
[SourceVersionDate "2013.10.22"]
[SourceQuality "1"]

1. c4 Nf6 2. Nc3 e5 3. g3 d5 4. cxd5 Nxd5 5. Bg2 Nb6 6. Nf3 Nc6 7. d3 Be7 8. 0-0 0-0 9. a3 a5 10. Be3 Be6 11. Rc1 Nd5 12. Nxd5 Bxd5 13. Qa4 Re8 14. Rfd1 f6 15. Bc5 Nb8 16. Nh4 Bxg2 17. Nxg2 Kh8 18. Ne3 Bxc5 19. Rxc5 c6 20. Qb3 Nd7 21. Rc4 Qb6 22. Qc2 Nf8 23. d4 exd4 24. Rcxd4 Ne6 25. Rd7 Rad8 26. Qf5 Rxd7 27. Rxd7 Nf8 28. Rd2 a4 29. Nc4 Qc7 30. Qc5 Ne6 31. Qf5 Nf8 32. Qd3 b5 33. Ne3 Ng6 34. Rc2 Qb7 35. Nf5 Ne5 36. Qd4 Qc8 37. Nd6 Qd7 38. Rd2 Rb8 39. Qc5 Kg8 40. Nc4 Qf5 41. Nxe5 fxe5 42. Qxc6 Rf8 43. Qd5+ Kh8 44. f3 Qb1+ 45. Kg2 Qc1 46. Qd6 Kg8 47. Qe6+ Kh8 48. Qe7 Rg8 49. Rd8 h6 50. Rxg8+ Kxg8 51. Qxe5 Qc6 52. h4 g6 53. Qe4 Qb6 54. e3 Qd6 55. Qd4 Qc6 56. Qd2 Kf7 57. e4 1-0

[Event "Polanica Zdroj op-B 49th"]
[Site "Polanica Zdroj"]
[Date "2013.08.??"]
[Round "1"]
[White "Obrusnik, Michal"]
[Black "Guziewicz, Wojciech"]
[Result "1-0"]
[WhiteElo "2230"]
[BlackElo "1977"]
[PlyCount "109"]
[EventDate "2013.08.17"]
[EventType "swiss"]
[EventRounds "9"]
[EventCountry "POL"]
[SourceTitle "CBM 156 Extra"]
[Source "ChessBase"]
[SourceDate "2013.10.22"]
[SourceVersion "1"]
[SourceVersionDate "2013.10.22"]
[SourceQuality "1"]

1. e4 c5 2. Nf3 e6 3. d4 d5 4. exd5 Qxd5 5. Nc3 Qd8 6. Bf4 a6 7. dxc5 Qxd1+ 8. Rxd1 Bxc5 9. Ne4 Be7 10. Nd6+ Bxd6 11. Bxd6 Bd7 12. Ne5 Nf6 13. Nc4 Nc6 14. Nb6 Ra7 15. Bc5 h6 16. g3 a5 17. Nxd7 Nxd7 18. Bxa7 Nxa7 19. Bg2 Ke7 20. 0-0 b5 21. Rd4 Rc8 22. Rfd1 Rc7 23. c3 Nc5 24. Bf1 Nd7 25. a4 Ne5 26. Re4 Nf3+ 27. Kg2 Ng5 28. Rh4 bxa4 29. Rxa4 Rc5 30. h4 Nh7 31. b4 Rxc3 32. Rxa5 Nc6 33. Ra4 Nf6 34. b5 Ne5 35. Ra7+ Ned7 36. Rb1 Kd6 37. b6 Rc8 38. Bb5 Nxb6 39. Ba6 Rc6 40. Bb7 Nbd7 41. Bxc6 Kxc6 42. Rc1+ Kd6 43. f4 h5 44. Rd1+ Ke7 45. f5 Nd5 46. Kf3 Kd6 47. fxe6 fxe6 48. Ra6+ Ke7 49. Re1 e5 50. Ra7 Ke6 51. Rxd7 Kxd7 52. Rxe5 Nf6 53. Kf4 Kd6 54. Re1 Nh7 55. Kf5 1-0

[Event "Polanica Zdroj op-B 49th"]
[Site "Polanica Zdroj"]
[Date "2013.08.??"]
[Round "7"]
[White "Obrusnik, Michal"]
[Black "Lipien, Wieslaw"]
[Result "1-0"]
[WhiteElo "2230"]
[BlackElo "2066"]
[PlyCount "111"]
[EventDate "2013.08.17"]
[EventType "swiss"]
[EventRounds "9"]
[EventCountry "POL"]
[SourceTitle "CBM 156 Extra"]
[Source "ChessBase"]
[SourceDate "2013.10.22"]
[SourceVersion "1"]
[SourceVersionDate "2013.10.22"]
[SourceQuality "1"]

1. e4 c5 2. Nf3 d6 3. d4 cxd4 4. Nxd4 Nf6 5. Nc3 a6 6. Bg5 e6 7. f4 Be7 8. Qf3 Qc7 9. 0-0-0 Nc6 10. Nxc6 bxc6 11. e5 dxe5 12. fxe5 Nd5 13. Bxe7 Qxe7 14. Ne4 0-0 15. c4 Rb8 16. cxd5 cxd5 17. Nd2 f6 18. Qc3 Bb7 19. Kb1 Rfc8 20. exf6 gxf6 21. Qg3+ Kh8 22. Bd3 e5 23. Bf5 Rg8 24. Qh3 d4 25. Ne4 Bd5 26. Rd2 Rb6 27. Rc1 Qf7 28. Ka1 Bxa2 29. Bxh7 Qxh7 30. Qxh7+ Kxh7 31. Kxa2 f5 32. Ng3 Kg6 33. Re1 Rb5 34. Rf2 Rf8 35. Ref1 f4 36. Ne4 d3 37. g3 Rb4 38. Nc3 Rd4 39. gxf4 Rfxf4 40. Rxf4 exf4 41. Kb1 Kg5 42. h3 Kf5 43. Kc1 a5 44. Rf3 a4 45. Kd2 Rb4 46. Nd1 Ke4 47. Rxd3 f3 48. Nc3+ Ke5 49. Re3+ Kd6 50. Nd1 Rf4 51. Ke1 Kc5 52. Kf2 Rd4 53. Nc3 Kb4 54. Re4 Rxe4 55. Nxe4 Kb3 56. Nc5+ 1-0